00799nam a22002055i 450000100060000000300090000600500170001500700030003200800410003504000200007610000330009624501360012926000610026530000270032649000350035383000430038885200210043199900170045295201240046968581ES-MaACL20230906170318.0t|960809s1875 sp ||||1| spa d aCAM bspa cCAM1 aGasparin, Valerie de.95589110aPaseo por España b: relación de un viage á Cataluña, Valencia, Alicante, Murcia y Castilla / cpor la condesa de Gasparin. aValencia : b[s.n.], c1875 (fImpr. de José Domenech) a325, [2] p. ; c21 cm.1 aBiblioteca de "Las provincias"0 aBiblioteca de "Las provincias"9230950 aES-MaACLjC-3301 c68581d68581 001040708LIBXIXaATENEOMbATENEOMcSPALd2008-01-17eSCl0oC-3301p1071796r2023-02-23 00:00:00w2023-02-23yMONANT